|
|
|
|
| LEADER |
00721cam a2200205 7i4500 |
| 001 |
0000128015 |
| 005 |
20161114090000.0 |
| 008 |
160814s2014 nyu eng |
| 020 |
# |
0 |
|a 9780071831314
|
| 020 |
# |
0 |
|a 0071831312
|
| 090 |
0 |
0 |
|a TP 155
|b .T4 2014
|
| 100 |
1 |
# |
|a Theodore, Louis
|
| 245 |
1 |
0 |
|a Chemical engineering :
|b the enssential reference
|c Louis Theodore.
|
| 260 |
# |
# |
|a New York:
|b McGraw-Hill Education,
|c 2014.
|
| 300 |
# |
# |
|a xviii, 473 p.;
|c 26 cm..
|
| 500 |
# |
# |
|a Includes index
|
| 590 |
# |
# |
|a Pusat Pengajian Kejuruteraan dan kelautan
|
| 650 |
0 |
0 |
|a Chemical engineering
|
| 999 |
|
|
|a 1100098390
|b Book
|c Open Shelf
|e KOLEKSI TERBUKA
|
| 999 |
|
|
|a 1100098391
|b Book
|c Koleksi Buku Berbintik Merah (Red Spot)
|e KOLEKSI KHAS
|